| 000 | 00389cam a22001097a 4500 | ||
|---|---|---|---|
| 008 | 180718b xxu||||| |||| 00| 0 eng d | ||
| 082 | _aW948x54 In2 | ||
| 245 |
_aIndian personalty for television _cby Ministry of Infromation and Broadcasting, India |
||
| 260 |
_aDelhi _bIndia Offset Press _c |
||
| 500 | _aContents : Library has V.1,2& 3 | ||
| 700 | _aIndia.Ministry of Infromation and Broadcasting | ||
| 999 |
_c498711 _d498711 |
||